<?xml version="1.0" encoding="UTF-8"?>
<record
    xmlns:xsi="http://www.w3.org/2001/XMLSchema-instance"
    xsi:schemaLocation="http://www.loc.gov/MARC21/slim http://www.loc.gov/standards/marcxml/schema/MARC21slim.xsd"
    xmlns="http://www.loc.gov/MARC21/slim">

  <leader>03853njm a2200541Ia 4500</leader>
  <controlfield tag="001">D0112</controlfield>
  <controlfield tag="003">IT-RoPAU</controlfield>
  <controlfield tag="005">20220918181112.0</controlfield>
  <controlfield tag="008">131025s9999    xx            000 0 und d</controlfield>
  <datafield tag="040" ind1=" " ind2=" ">
    <subfield code="a">IT-RoPAU</subfield>
  </datafield>
  <datafield tag="040" ind1=" " ind2=" ">
    <subfield code="c">IT-RoPAU</subfield>
  </datafield>
  <datafield tag="999" ind1=" " ind2=" ">
    <subfield code="c">99103</subfield>
    <subfield code="d">99103</subfield>
  </datafield>
  <datafield tag="999" ind1=" " ind2=" ">
    <subfield code="b">n.d.</subfield>
  </datafield>
  <datafield tag="100" ind1=" " ind2=" ">
    <subfield code="a">AA.VV.</subfield>
    <subfield code="9">794</subfield>
  </datafield>
  <datafield tag="100" ind1=" " ind2=" ">
    <subfield code="e">Autore musica</subfield>
    <subfield code="9">30603</subfield>
  </datafield>
  <datafield tag="100" ind1=" " ind2=" ">
    <subfield code="g">Codice autore musica SPICS: 12000</subfield>
    <subfield code="9">796</subfield>
  </datafield>
  <datafield tag="245" ind1=" " ind2=" ">
    <subfield code="a">Bird &amp;  the Trumpets</subfield>
  </datafield>
  <datafield tag="250" ind1=" " ind2=" ">
    <subfield code="a">2a ed.</subfield>
  </datafield>
  <datafield tag="260" ind1=" " ind2=" ">
    <subfield code="a">MILANO</subfield>
  </datafield>
  <datafield tag="260" ind1=" " ind2=" ">
    <subfield code="b">RUSCONI</subfield>
    <subfield code="c">1995 [1a Ed.:0]</subfield>
  </datafield>
  <datafield tag="300" ind1=" " ind2=" ">
    <subfield code="a">COMPACT DISC</subfield>
  </datafield>
  <datafield tag="300" ind1=" " ind2=" ">
    <subfield code="c">75 minuti (Testo: 0 pag.)</subfield>
  </datafield>
  <datafield tag="500" ind1=" " ind2=" ">
    <subfield code="a">Musica jazz. Cd fuori commercio allegato al n. 3 1995 della rivista "Musica jazz".</subfield>
  </datafield>
  <datafield tag="505" ind1=" " ind2=" ">
    <subfield code="a">Shaw 'Nuff (5:99) - Groovin' High [(Los Angeles, 29 dicembre 1945) (6:00)] - Hot House [(New York, 13 settembre 1947) (6:00)] - On A Slot Boat To China (6:00) - Salt Peanuts [(New York, Waldorf Astoria Hotel 11 o 12 dicembre 1948) (4:00)] - Barbados [(New York, 5 marzo 1949) (4:00)] - Just Friends [(New York, 1950) (4:00)] - April In Paris [(New York, 1950) (4:00)] - Ornithology (5:00) - Bird of Paradise (7:00) - Koko [(New York, 24 dicembre 1949) (6:00)] - Out of Nowhere (7:00) - Move [(New York, maggio o giugno 1950) (7:00)] - Indiana [(Englewood, 16 giugno 1952) (12:00)]</subfield>
  </datafield>
  <datafield tag="511" ind1=" " ind2=" ">
    <subfield code="a">Gillespie Dizzy: tr; Parker Charlie: alto; Haig Al: p; Brown Ray: cb; Levey Stan: batt; Dizzy Gillespie e Charlie Parker Quintet</subfield>
  </datafield>
  <datafield tag="511" ind1=" " ind2=" ">
    <subfield code="a">Gillespie Dizzy: tr; Parker Charlie: alto; La Porta John: cl; Tristano Lennie: p; Bauer Billy: chit; Brown Ray: cb; Roach Max: batt; Barry Ulanov's All Star Modern Jazz Musicians</subfield>
  </datafield>
  <datafield tag="511" ind1=" " ind2=" ">
    <subfield code="a">Dorham Kenny: tr; Parker Charlie: alto; Thompson Lucky: ten; Haig Al: p; Potter Tommy: cb; Roach Max: batt; Charlie Parker Sextet</subfield>
  </datafield>
  <datafield tag="511" ind1=" " ind2=" ">
    <subfield code="a">Dorham Kenny: tr; Parker Charlie: alto; Haig Al: p; Potter Tommy: cb; Haynes Roy: batt; Charlie Parker Quintet</subfield>
  </datafield>
  <datafield tag="511" ind1=" " ind2=" ">
    <subfield code="a">Rodney Red: tr; Parker Charlie: alto; Haig Al: p; Potter Tommy: cb; Heaynes Roy: batt; Charlie Parker Quintet</subfield>
  </datafield>
  <datafield tag="511" ind1=" " ind2=" ">
    <subfield code="a">Navarro Fats: tr; Parker Charlie: alto; Powell Bud: p; Russell Curley: cb; Blakey Art: batt</subfield>
  </datafield>
  <datafield tag="511" ind1=" " ind2=" ">
    <subfield code="a">Baker Chet: tr; Criss Sonny: alto; Parker Charlie: alto; Freeman Russ: p; Babasin Harry: cb; Marable Lawrence: batt; Harry Babasin All Stars</subfield>
  </datafield>
  <datafield tag="650" ind1=" " ind2=" ">
    <subfield code="a">JAZZ [COMPACT DISC]</subfield>
    <subfield code="e">Codice MATERIA SPICS: 9949</subfield>
    <subfield code="9">11822</subfield>
  </datafield>
  <datafield tag="700" ind1=" " ind2=" ">
    <subfield code="a">Parker Charlie (B.)</subfield>
    <subfield code="e">Interprete</subfield>
    <subfield code="g">Codice interprete SPICS: 10799</subfield>
    <subfield code="9">30604</subfield>
  </datafield>
  <datafield tag="700" ind1=" " ind2=" ">
    <subfield code="a">Gillespie Dizzy</subfield>
    <subfield code="e">Autore musica</subfield>
    <subfield code="g">Codice autore musica SPICS: 10777</subfield>
    <subfield code="p">Shaw 'Nuff - Groovin' High - Salt Peanuts</subfield>
    <subfield code="9">30605</subfield>
  </datafield>
  <datafield tag="700" ind1=" " ind2=" ">
    <subfield code="a">Dameron Tadd</subfield>
    <subfield code="e">Autore musica</subfield>
    <subfield code="g">Codice autore musica SPICS: 10526</subfield>
    <subfield code="p">Hot House</subfield>
    <subfield code="9">30606</subfield>
  </datafield>
  <datafield tag="700" ind1=" " ind2=" ">
    <subfield code="a">Loesser Frank</subfield>
    <subfield code="e">Autore musica</subfield>
    <subfield code="g">Codice autore musica SPICS: 15672</subfield>
    <subfield code="p">On A Slot Boat To China</subfield>
    <subfield code="9">30607</subfield>
  </datafield>
  <datafield tag="700" ind1=" " ind2=" ">
    <subfield code="a">Parker Charlie (B.)</subfield>
    <subfield code="e">Autore musica</subfield>
    <subfield code="g">Codice autore musica SPICS: 10799</subfield>
    <subfield code="p">Barbados - Ornithology - Bird of Paradise - Koko</subfield>
    <subfield code="9">30608</subfield>
  </datafield>
  <datafield tag="700" ind1=" " ind2=" ">
    <subfield code="a">Lewis S.M.</subfield>
    <subfield code="e">Autore musica</subfield>
    <subfield code="g">Codice autore musica SPICS: 43278</subfield>
    <subfield code="p">Just Friends</subfield>
    <subfield code="9">30609</subfield>
  </datafield>
  <datafield tag="700" ind1=" " ind2=" ">
    <subfield code="a">Klenner J.</subfield>
    <subfield code="e">Autore</subfield>
    <subfield code="g">Codice autore SPICS: 43279</subfield>
    <subfield code="p">Just Friends</subfield>
    <subfield code="9">30610</subfield>
  </datafield>
  <datafield tag="700" ind1=" " ind2=" ">
    <subfield code="a">Duke Vernon</subfield>
    <subfield code="e">Autore musica</subfield>
    <subfield code="g">Codice autore musica SPICS: 16363</subfield>
    <subfield code="p">April In Paris</subfield>
    <subfield code="9">30611</subfield>
  </datafield>
  <datafield tag="700" ind1=" " ind2=" ">
    <subfield code="a">Harburg E. Y.</subfield>
    <subfield code="e">Autore</subfield>
    <subfield code="g">Codice autore SPICS: 15671</subfield>
    <subfield code="p">April In Paris</subfield>
    <subfield code="9">30612</subfield>
  </datafield>
  <datafield tag="700" ind1=" " ind2=" ">
    <subfield code="a">Harris Benny</subfield>
    <subfield code="e">Autore musica</subfield>
    <subfield code="g">Codice autore musica SPICS: 43280</subfield>
    <subfield code="p">Ornithology</subfield>
    <subfield code="9">30613</subfield>
  </datafield>
  <datafield tag="700" ind1=" " ind2=" ">
    <subfield code="a">Green J.</subfield>
    <subfield code="e">Autore musica</subfield>
    <subfield code="g">Codice autore musica SPICS: 43281</subfield>
    <subfield code="p">Out of Nowhere</subfield>
    <subfield code="9">30614</subfield>
  </datafield>
  <datafield tag="700" ind1=" " ind2=" ">
    <subfield code="a">Heyman Edward</subfield>
    <subfield code="e">Autore</subfield>
    <subfield code="g">Codice autore SPICS: 15566</subfield>
    <subfield code="p">Out of Nowhere</subfield>
    <subfield code="9">30615</subfield>
  </datafield>
  <datafield tag="700" ind1=" " ind2=" ">
    <subfield code="a">Best Denzil</subfield>
    <subfield code="e">Autore musica</subfield>
    <subfield code="g">Codice autore musica SPICS: 24586</subfield>
    <subfield code="p">Move</subfield>
    <subfield code="9">30616</subfield>
  </datafield>
  <datafield tag="700" ind1=" " ind2=" ">
    <subfield code="a">Hanley James F.</subfield>
    <subfield code="e">Autore musica</subfield>
    <subfield code="g">Codice autore musica SPICS: 33425</subfield>
    <subfield code="p">Indiana</subfield>
    <subfield code="9">30617</subfield>
  </datafield>
  <datafield tag="700" ind1=" " ind2=" ">
    <subfield code="a">MacDonald</subfield>
    <subfield code="e">Autore</subfield>
    <subfield code="g">Codice autore SPICS: 30294</subfield>
    <subfield code="p">Indiana</subfield>
    <subfield code="9">30618</subfield>
  </datafield>
  <datafield tag="942" ind1=" " ind2=" ">
    <subfield code="c">CD</subfield>
    <subfield code="2">ddc</subfield>
  </datafield>
  <datafield tag="952" ind1=" " ind2=" ">
    <subfield code="0">0</subfield>
    <subfield code="1">0</subfield>
    <subfield code="4">0</subfield>
    <subfield code="6">D_0112_000000000000000</subfield>
    <subfield code="7">1</subfield>
    <subfield code="a">SPICS</subfield>
    <subfield code="b">SPICS</subfield>
    <subfield code="d">2013-10-25</subfield>
    <subfield code="l">0</subfield>
    <subfield code="o">D0112</subfield>
    <subfield code="r">2013-10-25 00:00:00</subfield>
    <subfield code="w">2013-10-25</subfield>
    <subfield code="y">CD</subfield>
    <subfield code="z">Progr. Ins.: 1703 / N.Vol.: 1 / Copie: 1 - Copia rara: n.d. / date import: 01.01.2014 - By Epidotti, Trombetti, Vaglietti</subfield>
  </datafield>
</record>
